No quiero envejecer : las claves para vivir plenamente y disfrutar del paso de los años /

Bibliographic Details
Main Author: Sordo, Pilar, 1965- (Author)
Format: Electronic eBook
Language:Spanish
Published: Ciudad de México : Océano, [2017]
Edition:Primera edición en libro electrónico.
Subjects:
Online Access:Digitalia Hispánica

MARC

LEADER 00000nam a2200000Ii 4500
001 DIGOCEANO0015
003 NyNyDIG
006 m o d
007 cr |||||||||||
008 240404s2017 mx o 000 0 spa d
035 |a (OCoLC)1004954634 
040 |a DGITA  |b eng  |e rda  |e pn  |c DGITA 
020 |a 9786075272542  |q eBook 
020 |z 9786075272665 
050 1 4 |a HQ1061 ebook 
082 0 4 |a 362.6  |2 23 
100 1 |a Sordo, Pilar,  |d 1965-  |e author. 
245 1 0 |a No quiero envejecer :  |b las claves para vivir plenamente y disfrutar del paso de los años /  |c Pilar Sordo. 
246 3 0 |a Claves para vivir plenamente y disfrutar del paso de los años 
250 |a Primera edición en libro electrónico. 
264 1 |a Ciudad de México :  |b Océano,  |c [2017] 
300 |a 1 online resource. 
336 |a text  |b txt  |2 rdacontent 
337 |a computer  |b c  |2 rdamedia 
338 |a online resource  |b cr  |2 rdacarrier 
347 |a text file  |2 rdaft 
347 |b EPUB 
588 0 |a Online resource; title from ePub title page (Digitalia, viewed April 4, 2024) 
650 0 |a Older people  |x Social aspects. 
650 0 |a Older people  |x Family relationships. 
650 0 |a Aging  |x Social aspects. 
791 2 |a Digitalia (Firm),  |e distributor. 
793 0 |g Digitalia eBook Collection:  |a Editorial Océano 
776 0 8 |i Print version:  |a Sordo, Pilar, 1965-  |t No quiero envejecer.  |b Primera edición.  |d Ciudad de México : Océano, [2017]  |z 9786075272665 
856 4 0 |3 Digitalia Hispánica  |u https://www.digitaliapublishing.com/a/85178/ 
910 |a Premium collection: 2024